000
00243 a2200097 4500
001
52848
100
_a
Butter J K
245
_a
Permanent Magnet Design & Application Handbook
260
_a
Boston
_b
Canners Book Inc.
_c
090
_c
33250
_d
33250
942
_a
NUST-CAE
_c
M
_c
25837
999
_c
287921
_d
287921